DePaul Basketball: Leading Scorer Every Year - Statistics

General Stats
  • This quiz has been taken 8 times
    3 since last reset
  • The average score is 39 of 77
Answer Stats
Year Player Average % Correct
2014-2015 Billy Garrett 12.3
100%
2016-2017 Eli Cain 15.6
100%
1978-1979 Mark Aguirre 24.0
100%
1979-1980 Mark Aguirre 26.8
100%
1980-1981 Mark Aguirre 23.0
100%
2017-2018 Max Strus 16.8
100%
2018-2019 Max Strus 20.1
100%
1985-1986 Rod Strickland 14.1
100%
1987-1988 Rod Strickland 20.0
100%
2000-2001 Bobby Simmons 16.7
67%
2019-2020 Charlie Moore 15.5
67%
2023-2024 Chico Carter 10.9
67%
2010-2011 Cleveland Melvin 14.3
67%
2011-2012 Cleveland Melvin 17.5
67%
2013-2014 Cleveland Melvin 16.7
67%
1986-1987 Dallas Comegys 17.5
67%
1976-1977 Dave Corzine 19.0
67%
1977-1978 Dave Corzine 21.0
67%
1989-1990 David Booth 16.9
67%
1990-1991 David Booth 18.7
67%
1991-1992 David Booth 17.4
67%
2003-2004 Delonte Holland 16.5
67%
1947-1948 Ed Mikan 15.4
67%
2020-2021 Javon Freeman-Liberty 14.4
67%
2021-2022 Javon Freeman-Liberty 21.7
67%
1998-1999 Quentin Richardson 18.9
67%
1999-2000 Quentin Richardson 17.0
67%
2005-2006 Sammy Mejia 15.1
67%
1988-1989 Stanley Brundy 19.5
67%
1981-1982 Terry Cummings 22.3
67%
2022-2023 Umoja Gibson 15.8
67%
2009-2010 Will Walker 16.2
67%
1971-1972 Al Burks 20.3
33%
1967-1968 Al Zetzsche 15.3
33%
1968-1969 Al Zetzsche 17.4
33%
2001-2002 Andre Brown 14.5
33%
1948-1949 Bato Govedarica 8.6
33%
1949-1950 Bato Govedarica 12.9
33%
1950-1951 Bato Govedarica 14.0
33%
1982-1983 Bernard Randolph 13.8
33%
1973-1974 Bill Robinzine 16.8
33%
1974-1975 Bill Robinzine 19.4
33%
2012-2013 Brandon Young 16.7
33%
1996-1997 Charles Gelatt 12.9
33%
2008-2009 Dar Tucker 18.5
33%
1956-1957 Dick Heise 24.3
33%
1965-1966 Don Swanson 18.0
33%
2007-2008 Draelon Burns 17.6
33%
1963-1964 Emmette Bryant / Jesse Nash 17.5
33%
1951-1952 Gene Dyker 14.8
33%
1972-1973 Greg Boyd 17.5
33%
1958-1959 Howie Carl 19.2
33%
1959-1960 Howie Carl 19.7
33%
1960-1961 Howie Carl 21.1
33%
1995-1996 Jermaine Watts 16.8
33%
1997-1998 Jermaine Watts 15.9
33%
1953-1954 Jim Lamkin 19.4
33%
1964-1965 Jim Murphy 17.6
33%
1970-1971 Joe Meyer 19.2
33%
1969-1970 Ken Warzynski 19.7
33%
1957-1958 McKinley Cowsen / Paul Ruddy 12.2
33%
1961-1962 M.C. Thompson 16.3
33%
1962-1963 M.C. Thompson 15.7
33%
1966-1967 Mike Norris 17.3
33%
2015-2016 Myke Henry 13.7
33%
2004-2005 Quemont Greer 18.3
33%
1952-1953 Ron Feiereisel 18.0
33%
1975-1976 Ron Norwood 19.3
33%
1954-1955 Ron Sobieszczyk 17.3
33%
1955-1956 Ron Sobieszczyk 22.5
33%
2002-2003 Sam Hoskin 15.6
33%
1992-1993 Tom Kleinschmidt 17.7
33%
1993-1994 Tom Kleinschmidt 20.5
33%
1994-1995 Tom Kleinschmidt 21.4
33%
1983-1984 Tyrone Corbin 14.2
33%
1984-1985 Tyrone Corbin 15.9
33%
2006-2007 Wilson Chandler 14.6
33%
No matching quizzes found
Score Distribution
Percent of People with Each Score
Percentile by Number Answered
Your Score History
You have not taken this quiz since the last reset